<?xml version="1.0" encoding="UTF-8"?>
<collection xmlns="http://www.loc.gov/MARC21/slim">
 <record>
  <leader>01994nam a2200361   4500</leader>
  <controlfield tag="001">000024535</controlfield>
  <controlfield tag="003">21023</controlfield>
  <controlfield tag="005">20161226101240.0</controlfield>
  <controlfield tag="008">161213s2016                        viesd</controlfield>
  <datafield tag="041" ind1=" " ind2=" ">
   <subfield code="a">vie</subfield>
  </datafield>
  <datafield tag="082" ind1="1" ind2="4">
   <subfield code="a">373.0115</subfield>
   <subfield code="b">TH-L</subfield>
  </datafield>
  <datafield tag="100" ind1="1" ind2=" ">
   <subfield code="a">Thạch Thị Yến Linh</subfield>
  </datafield>
  <datafield tag="245" ind1="1" ind2="0">
   <subfield code="a">Quản lý hoạt động giáo dục kỹ năng sống cho học sinh các trường phổ thông dân tộc nội trú tỉnh Trà Vinh</subfield>
   <subfield code="c">Thạch Thị Yến Linh ; Trần Thị Hương hướng dẫn</subfield>
   <subfield code="k">Luận văn tốt nghiệp</subfield>
  </datafield>
  <datafield tag="260" ind1=" " ind2=" ">
   <subfield code="a">Đà Nẵng</subfield>
   <subfield code="b">Đại học Đà Nẵng</subfield>
   <subfield code="c">2016</subfield>
  </datafield>
  <datafield tag="300" ind1=" " ind2=" ">
   <subfield code="a">108 tr. ; phụ lục 22 tr.</subfield>
   <subfield code="c">29 cm.</subfield>
   <subfield code="e">Tóm tắt</subfield>
  </datafield>
  <datafield tag="500" ind1=" " ind2=" ">
   <subfield code="a">Luận văn Thạc sĩ . Chuyên ngành : Giáo dục học. Mã số: 60 14 01 14</subfield>
  </datafield>
  <datafield tag="520" ind1="3" ind2=" ">
   <subfield code="a">Trên cơ sở hệ thống hóa lý luận, khảo sát, đánh giá thực trạng quản lý hoạt động giáo dục kĩ năng sống cho học sinh các trường PT DTNT tỉnh Trà Vinh, đề xuất một số biện pháp quản lý giáo dục kĩ năng sống cho học sinh các trường PT DTNT tỉnh Trà Vinh nhằm thực hiện mục tiêu của hoạt động giáo dục kỹ năng sống cho học sinh</subfield>
  </datafield>
  <datafield tag="650" ind1="0" ind2="4">
   <subfield code="a">Giáo dục trung học</subfield>
   <subfield code="v">Luận văn thạc sĩ</subfield>
   <subfield code="x">Giáo dục kĩ năng sống</subfield>
   <subfield code="z">Trà Vinh</subfield>
  </datafield>
  <datafield tag="653" ind1=" " ind2=" ">
   <subfield code="a">Quản lý giáo dục trung học</subfield>
  </datafield>
  <datafield tag="653" ind1=" " ind2=" ">
   <subfield code="a">Quản lý giáo dục</subfield>
  </datafield>
  <datafield tag="653" ind1=" " ind2=" ">
   <subfield code="a">Giáo dục kĩ năng sống</subfield>
  </datafield>
  <datafield tag="653" ind1=" " ind2=" ">
   <subfield code="a">Dân tộc nội trú</subfield>
  </datafield>
  <datafield tag="700" ind1="1" ind2=" ">
   <subfield code="a">Trần Thị Hương</subfield>
   <subfield code="c">PGS.TS</subfield>
   <subfield code="e">Hướng dẫn</subfield>
  </datafield>
  <datafield tag="OWN" ind1=" " ind2=" ">
   <subfield code="a">LSP</subfield>
  </datafield>
  <datafield tag="AVA" ind1=" " ind2=" ">
   <subfield code="a">UDN50</subfield>
   <subfield code="b">LSP</subfield>
   <subfield code="d">373.0115 TH-L</subfield>
   <subfield code="e">available</subfield>
   <subfield code="t">Error 5001 Not defined in file expand_doc_bib_avail.</subfield>
   <subfield code="f">1</subfield>
   <subfield code="g">0</subfield>
   <subfield code="h">N</subfield>
   <subfield code="i">0</subfield>
   <subfield code="k">1</subfield>
  </datafield>
  <datafield tag="999" ind1=" " ind2=" ">
   <subfield code="a">From the UDN01</subfield>
  </datafield>
  <datafield tag="AVA" ind1=" " ind2=" ">
   <subfield code="a">UDN50</subfield>
   <subfield code="b">LSP</subfield>
   <subfield code="d">373.0115 TH-L</subfield>
   <subfield code="e">available</subfield>
   <subfield code="t">Error 5001 Not defined in file expand_doc_bib_avail.</subfield>
   <subfield code="f">1</subfield>
   <subfield code="g">0</subfield>
   <subfield code="h">N</subfield>
   <subfield code="i">0</subfield>
   <subfield code="k">1</subfield>
  </datafield>
  <datafield tag="TYP" ind1=" " ind2=" ">
   <subfield code="a">Monograph</subfield>
  </datafield>
  <datafield tag="TYP" ind1=" " ind2=" ">
   <subfield code="a">Printed language</subfield>
  </datafield>
  <datafield tag="980" ind1=" " ind2=" ">
   <subfield code="a">Mạng thư viện Đại học Đà Nẵng</subfield>
  </datafield>
 </record>
</collection>
